Statistics for Biggest cities in 6 countries on a map - #2

Click here to take the quiz!

General Stats

  • This quiz has been taken 534 times
  • The average score is 27 of 36

Answers on the Map

Answers color-coded by a green-red scale on the quiz's map according to % correct below.
 

Answer Stats

CountryAnswer% Correct
ItalyRome
99%
GermanyBerlin
97%
ItalyMilan
97%
PolandWarsaw
97%
AustraliaSydney
95%
ItalyNaples
94%
South AfricaCape Town
93%
South AfricaJohannesburg
93%
GermanyMunich
93%
ColombiaBogotá
92%
AustraliaPerth
92%
GermanyHamburg
91%
AustraliaMelbourne
91%
PolandKrakow
89%
GermanyFrankfurt
88%
ItalyTurin
85%
South AfricaPretoria
84%
GermanyCologne
82%
AustraliaAdelaide
81%
AustraliaBrisbane
81%
PolandGdansk
77%
ItalyPalermo
75%
ColombiaMedellín
73%
South AfricaDurban
71%
GermanyStuttgart
68%
ItalyGenoa
65%
ColombiaCali
63%
PolandLodz
62%
South AfricaPort Elizabeth
59%
PolandWroclaw
54%
AustraliaGold Coast
48%
ColombiaBarranquilla
46%
PolandPoznan
45%
ColombiaCartagena
38%
ColombiaSoledad
3%
South AfricaSoshanguve
3%

Score Distribution

Percentile by Number Answered

Percent of People with Each Score

Your Score History

You have not taken this quiz